[Event "Santa Margalida Mallorca-ch"]
[Site "Santa Margalida"]
[Date "2016.11.26"]
[Round "6"]
[White "Antich Fernandez, Marta Isabel"]
[Black "Pons Escanellas, Joan"]
[Result "1-0"]
[WhiteElo "1229"]
[BlackElo "1298"]
[PlyCount "41"]
[EventDate "2016.11.11"]
[EventType "swiss"]
[EventRounds "8"]
[EventCountry "ESP"]
[SourceTitle "EXT 2018"]
[Source "ChessBase"]
[SourceDate "2017.10.13"]
[SourceVersion "1"]
[SourceVersionDate "2017.10.13"]
[SourceQuality "1"]

1. d4 g6 2. c4 Bg7 3. Nf3 Nf6 4. g3 0-0 5. Bg2 d6 6. 0-0 Bf5 7. Nc3 Qd7 8. Nh4 Nc6 9. Nxf5 Qxf5 10. e4 Qg4 11. Bf3 Qh3 12. Nd5 Qd7 13. Nxf6+ Bxf6 14. Bh6 Rfe8 15. Qd2 Nxd4 16. Qe3 Nc2 17. Qf4 Nxa1 18. Rxa1 c6 19. c5 Rab8 20. cxd6 exd6 21. Qxf6 1-0

[Event "Santa Margalida Mallorca-ch"]
[Site "Santa Margalida"]
[Date "2016.11.25"]
[Round "5"]
[White "Pons Escanellas, Joan"]
[Black "Martinez Oliver, Manuel"]
[Result "0-1"]
[WhiteElo "1298"]
[BlackElo "1722"]
[PlyCount "77"]
[EventDate "2016.11.11"]
[EventType "swiss"]
[EventRounds "8"]
[EventCountry "ESP"]
[SourceTitle "EXT 2018"]
[Source "ChessBase"]
[SourceDate "2017.10.13"]
[SourceVersion "1"]
[SourceVersionDate "2017.10.13"]
[SourceQuality "1"]

1. e4 b6 2. Nf3 Bb7 3. Nc3 e6 4. Bb5 a6 5. Ba4 b5 6. Bb3 c5 7. a3 c4 8. Ba2 Nf6 9. d3 Bc5 10. Bg5 Bxf2+ 11. Ke2 Qb6 12. Qd2 cxd3+ 13. cxd3 Bd4 14. Bxf6 Bxf6 15. Rac1 Nc6 16. g3 Nd4+ 17. Nxd4 Bxd4 18. h4 0-0 19. g4 Bxc3 20. Rxc3 d5 21. exd5 exd5 22. Rf1 Qe6+ 23. Kd1 Qxg4+ 24. Kc2 Rac8 25. d4 Rxc3+ 26. bxc3 Re8 27. Re1 Rxe1 28. Qxe1 Qe4+ 29. Qxe4 dxe4 30. Kd2 g6 31. Ke3 Kg7 32. Bb1 f5 33. Ba2 Kf6 34. Bg8 h6 35. d5 Ke5 36. d6 Kxd6 37. Bh7 Ke7 38. Bxg6 Kf6 39. Be8 0-1

[Event "Santa Margalida Mallorca-ch"]
[Site "Santa Margalida"]
[Date "2016.11.19"]
[Round "4"]
[White "Gaya Torrens, Miguel"]
[Black "Pons Escanellas, Joan"]
[Result "1-0"]
[WhiteElo "1715"]
[BlackElo "1298"]
[PlyCount "34"]
[EventDate "2016.11.11"]
[EventType "swiss"]
[EventRounds "8"]
[EventCountry "ESP"]
[SourceTitle "EXT 2018"]
[Source "ChessBase"]
[SourceDate "2017.10.13"]
[SourceVersion "1"]
[SourceVersionDate "2017.10.13"]
[SourceQuality "1"]

1. d4 d5 2. Nf3 Nc6 3. Bf4 f6 4. e3 Bg4 5. h3 Bxf3 6. Qxf3 e5 7. dxe5 fxe5 8. Bg3 Nf6 9. Bb5 Bd6 10. Bh4 0-0 11. Qd1 Be7 12. 0-0 Ne4 13. Bxe7 Qxe7 14. Qxd5+ Qf7 15. Qxe4 Qf6 16. Bxc6 bxc6 17. Nd2 Rab8 1-0